00464nam a2200193 a 4500001001300000003000900013005001700022008004100039020000900080082001700089100001600106245001900122260003200141300000800173500003500181505001200216650002600228700001600254nice12345678IN_TiNIC20260116013023.0050524s1985 teha grp 000 0 urd  ac2500a891.41bDES1 aDes, Hameed aAaina-I-Khayal aTehranbNo Publisher c1985 a95p aincludes index and biblioraphy2 aIndexes aUrdu-Poetry-religious1 aDes, Hameed